000 004920000a22001810004500
003 MACL
005 20160312160252.0
008 160312b xxu||||| |||| 00| 0 eng d
040 _aMACL
_cMACL
041 _aHindi
082 _a891.433
100 _aशानी
_943500
245 _aशाल वनों का दीप
260 _bविधा प्रकाशन
_c1978
_aनई दिल्‍ली
350 _a12
650 _aNovel
_945485
942 _cHIN
_k891.433
_2ddc
999 _c26996
_d26996